Регионална библиотека "Любен Каравелов" - Русе

Международна научна конференция "Изкуство и образование - традиции и съвременност", Пловдив, 23-24 окт. 2014 (Запис номер 177629)

MARC детайли
000 -Лидер
Контролно поле с фиксирана дължина 02398nam a2200445 c 4500
003 - Код на организацията, давaща контролен номер
Контролно поле BLK
005 - Дата и час на последна редакция
Контролно поле 20230809120359.0
008 - Елементи от данни с фиксирана дължина
fixed length control field 180411b bul|||||r ||||||| ||bul||
010 ## - Наследен системен номер
LC control number KNG00186310000
020 ## - Международен стандартен номер на книга ISBN
Международен стандартен номер на книга ISBN 978-954-2963-13-4
-- издат.: Акад. за муз. танцово и изобр. изк. - на том(т. 2)
040 ## - Източник на каталожния запис
Идентификатор на билиотеката - собственик на записа BLK
041 ## - Код за език
Код за езика на текст/звукозапис или на отделно заглавие Български
Код за езика КДБФ Български
Други езици Английски
072 #7 - Код за тематичната категория
Код организация bullib
Код за тематична категория Н70
Текст Изкуства Н
080 ## - УДК
Текстов определител УДК Естетика. Философия. Вкус. Теория на музиката. Вж и 534.3;781
УДК код - определител по УДК 78.01
УДК определител :37(063)
УДК - код + определител 78.01:37(063)
139 ## - Редно поле
Редна дума Международна научна конференция "Изкуство и образование - традиции и съвременност", Пловдив, 23-24 окт. 2014
Авторски знак Мед - М 45
245 10 - Сведения за заглавието
Заглавие Международна научна конференция "Изкуство и образование - традиции и съвременност", Пловдив, 23-24 окт. 2014
Подзаглавни данни Т. 1 -
Редно поле (дума) глав. ред. Юлиан Стоянов Куюмджиев.
Том Т. 2
246 11 - Различни форми на заглавието
Паралелно заглавие International Scientific Conference "Art and Education - Traditions and Contemporaneity", Plovdiv, Oct. 23rd-24th, 2014
257 ## - Страна на издаване
Страна на създаване/издаване България
260 ## - Област на издателските данни
-- Пловдив
Година на издаване 2015
Печатница Пловдив : Унив. изд. Паисий Хилендарски
300 ## - Физическа характеристика
Размери/Мащаб 22 см
380 ## - Жанр
Жанр Изкуство
500 ## - Общи забележки
Забележка Текст и на англ. ез. - Библиогр. след отд. докл. - Рез. на бълг., англ. ез.
650 #4 - Допълнително описание по предмет – тема
Основно описание – тема или топоним Музикално образование - конференции
9 (RLIN) 338768
653 ## - Ключова дума – ненормативна
Ключова дума музикално образование
653 ## - Ключова дума – ненормативна
Ключова дума теория на музиката
653 ## - Ключова дума – ненормативна
Ключова дума история на музиката
653 ## - Ключова дума – ненормативна
Ключова дума фолклор
653 ## - Ключова дума – ненормативна
Ключова дума хореография
653 ## - Ключова дума – ненормативна
Ключова дума изобразително изкуство
653 ## - Ключова дума – ненормативна
Ключова дума конференции
659 ## - Тематичен бюлетин
Тематичен бюлетин Н
700 1# - Други автори (авторска отговорност)
Лично име Куюмджиев, Юлиан Стоянов
Автороска отговорност (Описва отношението между автора и произведението) глав. ред.
9 (RLIN) 372493
760 1# - Описание на основната серия
-- - на том(т. 2)
Място на издаване, издател и година Акад. за муз. танцово и изобр. изк., 2015
Страници - том 502 с.
Заглавие Т. 2
852 ## - Местоположение
Форматна сигнатура Цб 279381
856 4# - Електронен адрес и достъп
Електронен формат pdf - файл
Път до файла /url/
856 4# - Електронен адрес и достъп
Електронен формат pdf - файл
Път до файла /url/
942 ## - АРТИКУЛИ
Вид на библиотечния материал Книги
Скрит в OPAC Не
Koha issues (borrowed), all copies 2
944 ## - СЪЗДАВАНЕ И РЕДАКЦИЯ на ЗАПИСА
Създаване/Редакция Създаване
Дата на регистрацията/редакция 09.02.2016
Служител, извършил регистрацията/редакцията 30534
Статус, дата на статуса Радостина Карадакова
944 ## - СЪЗДАВАНЕ И РЕДАКЦИЯ на ЗАПИСА
Създаване/Редакция Редакция
Дата на регистрацията/редакция 26.02.2016
Служител, извършил регистрацията/редакцията Геновева_Генчева
999 ## - СИСТЕМНИ КОНТРОЛНИ НОМЕРА
Koha biblionumber 177629
Koha biblioitemnumber 177629
Наличности
Код за отписване Код за изгубен артикул Източник на класификационната схема Код за повреда Коз за рестрикции Код за отдаване Артикулен № Име на библиотеката - собственик Име на библиотеката, в която се намира в момента Статус (Текущо местоположение) Дата на вписване в системата Местоположение - отдел Цена в лева Инвентарен номер Систематично азбучна сигнатура Баркод Номер на екземпляра Цена в евро Служебна бележка Служебен тип на артикула
  Не е изгубен Universal Decimal Classification Не е повреден само за читалня ползва се в читалня 305205 Регионална библиотека "Любен Каравелов" Русе Регионална библиотека "Любен Каравелов" Русе Хранилище 2016-02-11 Хранилище 30.00 120000797578 Цб 279381 120000797578 1 15.34 Дост: Dp Вид: Д N: 3 Дата: 12.01.2016 Книги
  Не е изгубен Universal Decimal Classification Не е повреден без рестрикции заемане за дома 730201 Регионална библиотека "Любен Каравелов" Русе Регионална библиотека "Любен Каравелов" Русе Отдел Изкуство - подръчен фонд 2019-07-15 Отдел Изкуство - подръчен фонд 15.00   78.01/М 45 120000833986   7.67   Книги
Vip Innovations Ltd, Rousse, Bulgaria 2025